<?xml version="1.0" encoding="UTF-8"?>
<record
    xmlns:xsi="http://www.w3.org/2001/XMLSchema-instance"
    xsi:schemaLocation="http://www.loc.gov/MARC21/slim http://www.loc.gov/standards/marcxml/schema/MARC21slim.xsd"
    xmlns="http://www.loc.gov/MARC21/slim">

  <leader>02175nam a22003377a 4500</leader>
  <controlfield tag="005">20090825120337.0</controlfield>
  <controlfield tag="008">090728t        xxu||||| |||| 00| 0 pun d</controlfield>
  <datafield tag="010" ind1=" " ind2=" ">
    <subfield code="a">PUN-6513      B-425790-794</subfield>
  </datafield>
  <datafield tag="020" ind1=" " ind2=" ">
    <subfield code="c">150.00</subfield>
    <subfield code="a">9789350171325</subfield>
  </datafield>
  <datafield tag="035" ind1=" " ind2=" ">
    <subfield code="a">PN-5631        B-425790-794</subfield>
  </datafield>
  <datafield tag="037" ind1=" " ind2=" ">
    <subfield code="b">DBAD / PUB</subfield>
  </datafield>
  <datafield tag="037" ind1=" " ind2=" ">
    <subfield code="b">k.k.publications(vendor)</subfield>
  </datafield>
  <datafield tag="040" ind1=" " ind2=" ">
    <subfield code="a">dpl</subfield>
    <subfield code="b">pn</subfield>
  </datafield>
  <datafield tag="082" ind1=" " ind2=" ">
    <subfield code="a">&#xA15;</subfield>
  </datafield>
  <datafield tag="100" ind1=" " ind2=" ">
    <subfield code="9">24414</subfield>
    <subfield code="a">&#xA2C;&#xA32;&#xA40;&#xA1C;&#xA40;&#xA24;</subfield>
  </datafield>
  <datafield tag="245" ind1=" " ind2=" ">
    <subfield code="a">&#xA07;&#xA2C;&#xA3E;&#xA30;&#xA24;&#xA3E;&#xA02; /</subfield>
    <subfield code="c">&#xA2C;&#xA32;&#xA40;&#xA1C;&#xA40;&#xA24;</subfield>
  </datafield>
  <datafield tag="246" ind1=" " ind2=" ">
    <subfield code="a">Ibaarat</subfield>
    <subfield code="b">by Balijeet</subfield>
  </datafield>
  <datafield tag="260" ind1=" " ind2=" ">
    <subfield code="a">&#xA1A;&#xA70;&#xA21;&#xA40;&#xA17;&#xA21;&#xA3C;</subfield>
    <subfield code="b">&#xA32;&#xA4B;&#xA15;&#xA17;&#xA40;&#xA24; &#xA2A;&#xA4D;&#xA30;&#xA15;&#xA3E;&#xA38;&#xA3C;&#xA28;</subfield>
    <subfield code="c">2010</subfield>
  </datafield>
  <datafield tag="270" ind1=" " ind2=" ">
    <subfield code="a">s.c.o-26-27, Sector-34-A, </subfield>
    <subfield code="b">&#xA1A;&#xA70;&#xA21;&#xA40;&#xA17;&#xA21;&#xA3C;</subfield>
    <subfield code="e">160022</subfield>
    <subfield code="k">01624-682954, 09781534406</subfield>
  </datafield>
  <datafield tag="300" ind1="4" ind2=" ">
    <subfield code="a">127 &#xA38;&#xA2B;&#xA47;</subfield>
    <subfield code="c">22 &#xA38;&#xA47;&#xA2E;&#xA40; (&#xA38;&#xA1C;&#xA3F;&#xA32;&#xA71;&#xA26;)</subfield>
  </datafield>
  <datafield tag="650" ind1=" " ind2=" ">
    <subfield code="9">24412</subfield>
    <subfield code="a">&#xA15;&#xA39;&#xA3E;&#xA23;&#xA3F;&#xA2F;&#xA3E;&#xA02;</subfield>
  </datafield>
  <datafield tag="650" ind1=" " ind2=" ">
    <subfield code="a">Stories</subfield>
    <subfield code="9">24431</subfield>
  </datafield>
  <datafield tag="942" ind1=" " ind2=" ">
    <subfield code="2">ddc</subfield>
    <subfield code="c">PN</subfield>
    <subfield code="h">&#xA15;</subfield>
    <subfield code="m">&#xA2C;&#xA32;&#xA40;&#xA1C;&#xA40;</subfield>
  </datafield>
  <datafield tag="999" ind1=" " ind2=" ">
    <subfield code="c">48890</subfield>
    <subfield code="d">48890</subfield>
  </datafield>
  <datafield tag="952" ind1=" " ind2=" ">
    <subfield code="0">0</subfield>
    <subfield code="1">0</subfield>
    <subfield code="2">ddc</subfield>
    <subfield code="4">0</subfield>
    <subfield code="7">0</subfield>
    <subfield code="8">FIC</subfield>
    <subfield code="a">DBAD</subfield>
    <subfield code="b">DBAD</subfield>
    <subfield code="d">2010-12-01</subfield>
    <subfield code="e">DBAD/PUB</subfield>
    <subfield code="g">150.00</subfield>
    <subfield code="l">0</subfield>
    <subfield code="o">&#xA15; &#xA2C;&#xA32;&#xA40;&#xA1C;&#xA40;</subfield>
    <subfield code="p">PN-5631</subfield>
    <subfield code="r">2010-12-01 00:00:00</subfield>
    <subfield code="t">1</subfield>
    <subfield code="v">150.00</subfield>
    <subfield code="w">2010-12-01</subfield>
    <subfield code="y">PN</subfield>
  </datafield>
  <datafield tag="952" ind1=" " ind2=" ">
    <subfield code="0">0</subfield>
    <subfield code="1">0</subfield>
    <subfield code="2">ddc</subfield>
    <subfield code="4">0</subfield>
    <subfield code="7">0</subfield>
    <subfield code="8">FIC</subfield>
    <subfield code="a">L</subfield>
    <subfield code="b">L</subfield>
    <subfield code="d">2011-04-20</subfield>
    <subfield code="e">k.k.publications/121/11.3.11/77/4.3.11/28.3.11</subfield>
    <subfield code="g">150.00</subfield>
    <subfield code="l">2</subfield>
    <subfield code="o">&#xA15; &#xA2C;&#xA32;&#xA40;&#xA1C;&#xA40;</subfield>
    <subfield code="p">B-425790</subfield>
    <subfield code="r">2017-08-17 00:00:00</subfield>
    <subfield code="s">2017-08-09</subfield>
    <subfield code="t">1</subfield>
    <subfield code="v">150.00</subfield>
    <subfield code="w">2011-04-20</subfield>
    <subfield code="y">PN</subfield>
  </datafield>
  <datafield tag="952" ind1=" " ind2=" ">
    <subfield code="0">0</subfield>
    <subfield code="1">0</subfield>
    <subfield code="2">ddc</subfield>
    <subfield code="4">0</subfield>
    <subfield code="7">0</subfield>
    <subfield code="8">FIC</subfield>
    <subfield code="a">BL1</subfield>
    <subfield code="b">BL1</subfield>
    <subfield code="d">2011-04-20</subfield>
    <subfield code="e">k.k.publications/121/11.3.11/77/4.3.11/28.3.11</subfield>
    <subfield code="g">150.00</subfield>
    <subfield code="l">0</subfield>
    <subfield code="o">&#xA15; &#xA2C;&#xA32;&#xA40;&#xA1C;&#xA40;</subfield>
    <subfield code="p">B-425791</subfield>
    <subfield code="r">2011-04-20 00:00:00</subfield>
    <subfield code="t">1</subfield>
    <subfield code="v">150.00</subfield>
    <subfield code="w">2011-04-20</subfield>
    <subfield code="y">PN</subfield>
  </datafield>
  <datafield tag="952" ind1=" " ind2=" ">
    <subfield code="0">0</subfield>
    <subfield code="1">0</subfield>
    <subfield code="2">ddc</subfield>
    <subfield code="4">0</subfield>
    <subfield code="7">0</subfield>
    <subfield code="8">FIC</subfield>
    <subfield code="a">ZLS</subfield>
    <subfield code="b">ZLS</subfield>
    <subfield code="d">2011-04-20</subfield>
    <subfield code="e">k.k.publications/121/11.3.11/77/4.3.11/28.3.11</subfield>
    <subfield code="g">150.00</subfield>
    <subfield code="l">1</subfield>
    <subfield code="o">&#xA15; &#xA2C;&#xA32;&#xA40;&#xA1C;&#xA40;</subfield>
    <subfield code="p">B-425792</subfield>
    <subfield code="r">2019-07-01 00:00:00</subfield>
    <subfield code="s">2019-06-15</subfield>
    <subfield code="t">1</subfield>
    <subfield code="v">150.00</subfield>
    <subfield code="w">2011-04-20</subfield>
    <subfield code="y">PN</subfield>
  </datafield>
  <datafield tag="952" ind1=" " ind2=" ">
    <subfield code="0">0</subfield>
    <subfield code="1">0</subfield>
    <subfield code="2">ddc</subfield>
    <subfield code="4">0</subfield>
    <subfield code="7">0</subfield>
    <subfield code="8">FIC</subfield>
    <subfield code="a">BL3</subfield>
    <subfield code="b">BL3</subfield>
    <subfield code="d">2011-04-20</subfield>
    <subfield code="e">k.k.publications/121/11.3.11/77/4.3.11/28.3.11</subfield>
    <subfield code="g">150.00</subfield>
    <subfield code="l">0</subfield>
    <subfield code="o">&#xA15; &#xA2C;&#xA32;&#xA40;&#xA1C;&#xA40;</subfield>
    <subfield code="p">B-425793</subfield>
    <subfield code="r">2011-04-20 00:00:00</subfield>
    <subfield code="t">1</subfield>
    <subfield code="v">150.00</subfield>
    <subfield code="w">2011-04-20</subfield>
    <subfield code="y">PN</subfield>
  </datafield>
  <datafield tag="952" ind1=" " ind2=" ">
    <subfield code="0">0</subfield>
    <subfield code="1">0</subfield>
    <subfield code="2">ddc</subfield>
    <subfield code="4">0</subfield>
    <subfield code="7">0</subfield>
    <subfield code="8">FIC</subfield>
    <subfield code="a">BL4</subfield>
    <subfield code="b">BL4</subfield>
    <subfield code="d">2011-04-20</subfield>
    <subfield code="e">k.k.publications/121/11.3.11/77/4.3.11/28.3.11</subfield>
    <subfield code="g">150.00</subfield>
    <subfield code="l">0</subfield>
    <subfield code="o">&#xA15; &#xA2C;&#xA32;&#xA40;&#xA1C;&#xA40;</subfield>
    <subfield code="p">B-425794</subfield>
    <subfield code="r">2011-04-20 00:00:00</subfield>
    <subfield code="t">1</subfield>
    <subfield code="v">150.00</subfield>
    <subfield code="w">2011-04-20</subfield>
    <subfield code="y">PN</subfield>
  </datafield>
</record>
